| 000 | 01262nam0a22002891 4500 | ||
|---|---|---|---|
| 001 | rc\110456 | ||
| 005 | 20250620184306.0 | ||
| 010 |
_a5-8474-0204-X _bМП "Культура", Пушкино _950000 |
||
| 035 | _a(NLR Aleph) 005371029 | ||
| 090 |
_a7000342 _c7000342 |
||
| 100 | _a20021216d1994 |||y0rusy50 ca | ||
| 101 | 0 | _arus | |
| 102 | _aRU | ||
| 105 | _ay ||||||||| | ||
| 200 | 1 |
_aСуворов _fП.В. [!] Васильев |
|
| 210 |
_aМ. _cНовая кн. _dБ. г. (1994) |
||
| 215 |
_a589, [2] с. _d22 |
||
| 225 | 1 |
_aВсемирная история в романах _iВеликие полководцы России |
|
| 300 | _aНа пер. авт. не указаны | ||
| 423 | 0 |
_12001#$aЧудо-богатырь$e[Ист. романы о А.В. Суворове]$fД. Дмитриев _1700#1$aДмитриев$bД. _tЧудо-богатырь _aДмитриев, Д. |
|
| 604 |
_1700#1$aДмитриев$bД.С.$gДмитрий Савватеевич _150010$aЧудо-богатырь$2psbo _aДмитриев, Дмитрий Савватеевич _tЧудо-богатырь |
||
| 700 | 1 |
_aВасильев _bП.С. |
|
| 801 | 0 |
_aRU _bNLR _gpsbo |
|
| 801 | 1 |
_aRU _bELAR _2rusmarc |
|
| 852 |
_aNLR _j95-3/2086 |
||
| 942 | _cBOOK | ||
| 980 | _aNB | ||